In the age of the smart machine : The future of work and power

Đã lưu trong:
Sonraí Bibleagrafaíochta
Príomhúdar: Zuboff, Shoshana
Formáid: Leabhar
Teanga:Undetermined
Foilsithe: London Heinemann 1988
Ábhair:
Clibeanna: Cuir Clib Leis
Gan Chlibeanna, Bí ar an gcéad duine leis an taifead seo a chlibeáil!
Thư viện lưu trữ: Trung tâm Học liệu Trường Đại học Cần Thơ
LEADER 00545nam a2200193Ia 4500
001 CTU_79070
008 210402s9999 xx 000 0 und d
082 |a 338.0619 
082 |b Z93 
100 |a Zuboff, Shoshana 
245 0 |a In the age of the smart machine : 
245 4 |b The future of work and power 
245 0 |c Shoshana Zuboff 
260 |a London 
260 |b Heinemann 
260 |c 1988 
650 |a Automation,Automation 
650 |x Economic aspects,Social aspects 
980 |a Trung tâm Học liệu Trường Đại học Cần Thơ